Statistics for Spider-Man PS4 Quiz 1/4

Click here to take the quiz!

General Stats

  • This quiz has been taken 338 times
  • The average score is 5 of 13

Answer Stats

QuestionAnswer% Correct
Who dies in the end of itAunt May
90%
Who is/was the mayor in the game?Norman Osborn
66%
Who does Spidey put in prison at the start of the game?Kingpin
53%
Who gets spider powers at the end of the gameMiles Morales
50%
Who plays Spider-Man?Yuri Lowenthal
49%
What is the scientific name for Devil's Breath?GR-27
39%
Name the first gadget you getImpact Web
25%
Who leads Sable InternationalSilver Sablinova
21%
Who must always have a sample of Devil's Breath with him at all times?Dr. Morgan Michaels
19%
Who does Pete get back together with at the endMary Jane
19%
Which two bosses do you face twiceShocker
17%
What is the name of Otto's companyOctavius Industries
9%
Mister Negative
5%

Score Distribution

Percentile by Number Answered

Percent of People with Each Score

Your Score History

You have not taken this quiz